Poesía no completa /
Uloženo v:
| Hlavní autor: | |
|---|---|
| Další autoři: | , , |
| Médium: | Kniha |
| Jazyk: | španělština |
| Vydáno: |
México :
Fondo de Cultura Económica,
2002, c2002
|
| Edice: | (Tezontle)
|
| Témata: | |
| Tagy: |
Žádné tagy, Buďte první, kdo vytvoří štítek k tomuto záznamu!
|
MARC
| LEADER | 00000nam^a2200000^a^4500 | ||
|---|---|---|---|
| 001 | 000147276 | ||
| 005 | 20250521000000.0 | ||
| 009 | 20260526124445.425 | ||
| 020 | |a 968-16-6388-8 | ||
| 037 | |a Acervo ITESO - Biblioteca | ||
| 041 | |a ESP | ||
| 082 | |a 891. 85 |b SZY | ||
| 100 | |a Szymborska, Wislawa |e (autor) | ||
| 245 | 1 | 0 | |a Poesía no completa / |c W. Szymborska ; introd. de E. Poniatowska ; ed. y tr. por G. Beltrán, A. Murcia. |
| 264 | 4 | |a México : |b Fondo de Cultura Económica, |c 2002, c2002 | |
| 300 | |a 374 p. | ||
| 336 | |a texto |b txt |2 rdacontenido | ||
| 337 | |a sin mediación |b n |2 rdamedio | ||
| 338 | |a volumen |b nc |2 rdasoporte | ||
| 440 | |a (Tezontle) | ||
| 545 | 0 | |a Nacida en Kórnik -provincia de Poznan- en 1923 y muerta en Cracovia en 2012, Wislawa Szymborska es, sin duda, una de las grandes figuras de la literatura polaca, protagonismo reconocido con el Premio Nobel en 1996. Destacada poetisa, su lírica está atravesada por la duda metódica y por la reflexión personal e intimista en búsqueda del equilibrio espiritual. Algunos de sus títulos son: Busco la palabra (1945), Por eso vivimos (1952), Preguntas planteadas a una misma (1954), Llamada a Yeti (1957), Sal (1962), Cien consuelos (1967), El gran número (1976), Gente en el puente (1986) y Principio y fin (1993), entre otros. | |
| 586 | |a Premio Nobel de Literatura 1996 | ||
| 649 | |a XX | ||
| 650 | |a Poesía Polaca | ||
| 650 | |a Existencialismo en la Literatura - |z Polonia | ||
| 650 | |a Literatura de Mujeres - |z Polonia | ||
| 650 | |a Literatura Polaca - |y Siglo XX | ||
| 700 | |a Poniatowska, Elena |e (introducción) | ||
| 700 | |a Beltrán, Gerardo |e (traducción) | ||
| 700 | |a Murcia, Abel |e (traducción) | ||
| 910 | |a Fondo General | ||
| 920 | |a Impresos - Libros | ||
| 930 | |a Colección General | ||
| 940 | |a Literatura | ||
| 905 | |a 101 | ||
| 901 | |a 0500076889 |b IT1 |c LIT |u 20250521 | ||
| 902 | |a https://opac.biblio.iteso.mx/vufind/Record/000147276 | ||